haemoparasites on domestic chickens ( Gallus gallus domesticus .) at chansen commune oudong district, kampong speu province បរាសិតក្នុងឈាមពូជមាន់ក្នុងស្រុក នៅឃុំ ចាន់សែន ស្រុកឧដុង ខេត្តកំពុងស្ពឺ (Record no. 18329)

000 -LEADER
fixed length control field 00695nam a22001337a 4500
040 ## - CATALOGING SOURCE
Transcribing agency RUA
082 ## - DEWEY DECIMAL CLASSIFICATION NUMBER
Classification number AVM THA 2018 B649 Or.1
100 ## - MAIN ENTRY--AUTHOR NAME
Personal name THA CHANN ថា ចាន់
245 ## - TITLE STATEMENT
Title haemoparasites on domestic chickens ( Gallus gallus domesticus .) at chansen commune oudong district, kampong speu province បរាសិតក្នុងឈាមពូជមាន់ក្នុងស្រុក នៅឃុំ ចាន់សែន ស្រុកឧដុង ខេត្តកំពុងស្ពឺ
260 ## - PUBLICATION, DISTRIBUTION, ETC. (IMPRINT)
Place of publication RUA
Name of publisher Phnom penh
Year of publication 2018
300 ## - PHYSICAL DESCRIPTION
Number of Pages x;31p
Other physical details ill;
Dimensions 29cm
856 ## - ELECTRONIC LOCATION AND ACCESS
Uniform Resource Identifier https://drive.google.com/file/d/1ki7kL9kvS3h0ILNPzEEMqGKM2LQEDxt7/view?usp=sharing
942 ## - ADDED ENTRY ELEMENTS (KOHA)
Koha item type AVM
952 ## - LOCATION AND ITEM INFORMATION (KOHA)
Withdrawn status [LOCAL, KOHA] 0
952 ## - LOCATION AND ITEM INFORMATION (KOHA)
Withdrawn status [LOCAL, KOHA] 0
952 ## - LOCATION AND ITEM INFORMATION (KOHA)
Withdrawn status [LOCAL, KOHA] 0
952 ## - LOCATION AND ITEM INFORMATION (KOHA)
Withdrawn status [LOCAL, KOHA] 0
952 ## - LOCATION AND ITEM INFORMATION (KOHA)
Withdrawn status [LOCAL, KOHA] 0
952 ## - LOCATION AND ITEM INFORMATION (KOHA)
Withdrawn status [LOCAL, KOHA] 0
Holdings
Permanent Location Date acquired Koha item type Lost status Shelving location Barcode Current Location Full call number
Library Block B2019-10-25AVM B649A43846Library Block BAVM THA 2018 B649 Or.1
Library Block B2019-10-25AVM B649A43272Library Block BAVM THA 2018 B649 Or.2
Library Block B2019-10-25AVM B649A43901Library Block BAVM THA 2018 B649 Or.3
Library Block B2019-10-25AVM B649A43099Library Block BAVM THA 2018 B649 Or.4
Library Block B2019-10-25AVM B649A43174Library Block BAVM THA 2018 B649 Or.5
Library Block B2019-10-25AVM B649A43249Library Block BAVM THA 2018 B649 Or.6
មជ្ឈមណ្ឌលឯការនៃសាកលវិទ្យាល័យភូមិន្ទកសិកម្មចំការដូង

Powered by Koha